000 00609nam a22002177a 4500
001 23981
003 BD-RjUL
005 20211209001008.0
008 140312t1900 i |||| |||| 000 0 eng d
035 _a(BD-RjUL) 24046
040 _aBD-RjUL
_beng
_cBD-RjUL
041 _aeng
082 0 4 _a863
_bCOC 1900
100 1 0 _aColoma, Luis.
_973848
245 1 _aCurrita, countess of Albornoz :
_ba novel of Madrid society /
_cby Luis Coloma
260 0 4 _aBoston :
_bLittle, Brown & Co.,
_c 1900.
300 _a450 p. ;
_c21 cm.
700 _aAttwell, Estelle Huyck.
_973849
856 _uWorldCat
942 _2ddc
_cBK
999 _c23981
_d23981